00624nam a2200193Ia 450000500170000000800410001702000150005804000180007304100080009108200240009910000210012324500930014425000120023726000690024930000260031865000380034465000190038265000290040120220916123318.0210716s2002 xx 000 0 und d a8173664420 cAIMIT LIBRARY aeng a621.38212 21bGASM aGast, Matthew S. a802.11 wireless networks: the definitive guide :bdefinitive guide /cBy Matthew S Gast. a1st ed. aNew Delhi :bShroff Publishers and Distributors Pvt Ltd,c2002. axvii, 443p. ;c23 cm. aIntroduction to wireless networks aThe 802.11 mac a802.11 framing in detail